| 000 | 00587nam a2200193Ia 4500 | ||
|---|---|---|---|
| 001 | 65580 | ||
| 003 | OSt | ||
| 005 | 20160308101123.0 | ||
| 008 | 150403s9999 xx 000 0 und d | ||
| 040 | _cPK-LaUMT | ||
| 082 |
_a 306 _bALI-K |
||
| 100 | _aAli Abbas Jalalpuri | ||
| 245 |
_a(کائنات اور انسان)Kainat aur insan (Urdu) _c(علی عباس جلالپوری)Ali Abbas Jalalpuri |
||
| 260 |
_a(لاہور، پاکستان)Lahore,Pakistan: _b(تخلیقات)Takhleqaat, _c2013 |
||
| 300 | _a220 p. | ||
| 546 | _aUR | ||
| 650 | _aUniverse-Human being | ||
| 942 |
_cBK _2ddc |
||
| 999 |
_c68892 _d68892 |
||